One hundred one inspiring stories (Record no. 146453)

MARC details
000 -LEADER
fixed length control field 00548nam a2200205Ia 4500
003 - CONTROL NUMBER IDENTIFIER
control field OSt
005 - DATE AND TIME OF LATEST TRANSACTION
control field 20250918100451.0
008 - FIXED-LENGTH DATA ELEMENTS--GENERAL INFORMATION
fixed length control field 210210b2011 xxu||||| |||| 00| 0 eng d
020 ## - INTERNATIONAL STANDARD BOOK NUMBER
International Standard Book Number 9788184950281
040 ## - CATALOGING SOURCE
Transcribing agency AL
041 ## - LANGUAGE CODE
Language code of text/sound track or separate title eng
082 ## - DEWEY DECIMAL CLASSIFICATION NUMBER
Classification number 158.1 XAVO
100 ## - MAIN ENTRY--PERSONAL NAME
Personal name Francis G Xavier
9 (RLIN) 239235
245 ## - TITLE STATEMENT
Title One hundred one inspiring stories
Remainder of title : principles for successful living
260 ## - PUBLICATION, DISTRIBUTION, ETC.
Place of publication, distribution, etc. Ahmedabad
Name of publisher, distributor, etc. Jaico Publishing House
Date of publication, distribution, etc. 2011
300 ## - PHYSICAL DESCRIPTION
Extent xvi,187p
690 ## - LOCAL SUBJECT ADDED ENTRY--TOPICAL TERM (OCLC, RLIN)
Topical term or geographic name as entry element Applied Psychology
9 (RLIN) 239244
906 ## - LOCAL DATA ELEMENT F, LDF (RLIN)
a 065622
942 ## - ADDED ENTRY ELEMENTS (KOHA)
Source of classification or shelving scheme Dewey Decimal Classification
Koha item type Book
Holdings
Withdrawn status Lost status Source of classification or shelving scheme Damaged status Not for loan Collection code Home library Current library Date acquired Source of acquisition Cost, normal purchase price Total Checkouts Full call number Barcode Date last seen Date last checked out Price effective from Koha item type
    Dewey Decimal Classification     General St Aloysius Library St Aloysius Library 02/17/2021 ATC Milestones and Memories, Bangalore-560084 275.00 3 158.1 XAVO 065622 02/24/2025 02/08/2025 02/17/2021 Book